| 000 | 00592nam a2200205Ia 4500 | ||
|---|---|---|---|
| 003 | BUBTL | ||
| 008 | 151213s9999 xx 000 0 und d | ||
| 020 | _a9780521189989 | ||
| 082 |
_a418.007/ H8741t/ 2003 _b |
||
| 100 |
_aHughes, Arthur _94673 |
||
| 245 |
_aTesting for Language Teachers : _cArthur Hughes |
||
| 250 | _a2nd | ||
| 260 |
_aNew Delhi _bCambirdge university press _cc2003 |
||
| 300 |
_a[xii], 251p. : _b23 cm |
||
| 650 |
_aEnglish Language _9194 |
||
| 700 |
_aArthur Hughes _94674 |
||
| 856 |
_k0 _l0 _yDownload |
||
| 942 |
_2ddc _cBK |
||
| 999 |
_c4888 _d4888 |
||